000 00798cam a22002533a 4500
001 23615
003 PGUSA
005 20140828083514.0
008 071125s2007||||xxu|||||s|||||000 | eng d
040 _aPGUSA
_beng
042 _adc
050 4 _aG
245 1 0 _aLe Tour du Monde; Australie :
_bJournal des voyages et des voyageurs; 2. sem. 1860
_h[electronic resource] /
_cVarious
260 _bProject Gutenberg,
_c2007
506 _aPublic domain in the USA.
516 _aElectronic text
653 _aVoyages and travels -- Periodicals
653 _aGeography -- Pictorial works -- Periodicals
653 _aTravelers -- Periodicals
700 1 _aCharton, Édouard,
_d1807-1890
830 0 _aProject Gutenberg
_v23615
856 4 0 _uhttp://www.gutenberg.org/ebooks/23615
942 _cEB
999 _c252870
_d252870